History Quiz

Random History or Nation Quiz

Ancient Olympic Games Quiz Stats

 Plays Quiz not verified by Sporcle

Score 0/14 Timer 05:00
0 Plays Today
% Correct
D. Pentathlon
82.5%
B. A truce was observed
80.3%
A. Women
71%
A. Greek
69.3%
A. Stadion
68.9%
D. Zeus
64.6%
B. Partial Armour
59.9%
% Correct
B. She owned the horses
58.4%
A. 776
47%
C
34.9%
C. Theodosius
31.8%
A. Alcibiades
24.8%
D. Epinikion
24.5%
B. Elis
21.1%

You're not logged in!

Compare scores with friends on all Sporcle quizzes.
OR
Log In

Sporcle TV

Today on Sporcle TV


Watch our educational content, quiz creation guides, and fun videos on Sporcle TV.

Show Comments

Extras

Top Quizzes Today


Score Distribution

Your Account Isn't Verified!

In order to create a playlist on Sporcle, you need to verify the email address you used during registration. Go to your Sporcle Settings to finish the process.

Report this User

Report this user for behavior that violates our Community Guidelines.

Details: